000 02394 a2200241 4500
999 _c11192
_d11192
020 _a9780470241554
050 0 0 _aRA427.8
_bHEA 2010
245 0 0 _aHealth promotion programs :
_bfrom theory to practice /
_cedited by Carl I. Fertman, Diane D. Allensworth
264 _aSan Francisco:
_bPB Printing,
_c2010
300 _a454 pages
_billustrations
336 _2rdacontent
_atext
_btxt
337 _2rdamedia
_aunmediated
_bn
338 _2rdacarrier
_avolume
_bnc
504 _aIncludes bibliographical references and index.
505 0 _aWhat are health promotion programs? / Carl I. Fertman, Diane D. Allensworth, M. Elaine Auld -- Health promotion programs designed to eliminate health disparities / Francisco Soto Mas, Diane D. Allensworth, Camara Phyllis Jones -- Theory in health promotion programs / Leonard Jack Jr. ... [et al.] -- Assessing the needs of a target population / James H. Price, Joseph A. Dake, Britney Ward -- Making decisions to create and support a program / W. William Chen, Jiunn-Jye Sheu, Huey-Shys Chen -- Implementation tools, program staff, and budgets / Jean M. Breny Bontempi, Michael C. Fagen, Kathleen M. Roe -- Advocacy / Regina A. Galer-Unti, Kelly Bishop Alley, Regina McCoy Pulliam -- Communicating health information effectively / Neyal J. Ammary-Risch, Allison Zambon, Kelli McCormack Brown -- Developing and increasing program funding / Carl I. Fertman, Karen A. Spiller, Angela D. Mickalide -- Evaluating and improving a health promotion program / Daniel Perales ... [et al.] -- Leadership for change and sustainability / David A. Sleet, Sara L. Cole -- Promoting health in schools and universities / Marlene K. Tappe, Diane D. Allensworth, Jim Grizzell -- Patient-focused health promotion programs in health care organizations / Louise Villejo, Cezanne Garcia, Katherine Crosson -- Health promotion programs in workplace settings / Laura Linnan, Kimberly L. Peabody, Jennifer Wieland -- Promoting community health : local health departments and community health organizations / Michael T. Hatcher, Diane D. Allensworth, Frances D. Butterfoss.
650 0 _aHealth promotion.
650 1 2 _aHealth Promotion
650 2 2 _aHealth Education
700 1 _aFertman, Carl I.,
_d1950-
_eauthor
700 1 _aAllensworth, Diane DeMuth.
_eauthor
942 _2lcc
_cBK
_h427.8
_iHEA
_kRA